Statistiques concernant Composition du gouvernement de Gabriel Attal

Cliquez ici pour prendre le quiz!

Statistiques générales

  • Ce quiz a été pris 109 fois
  • Le résultat moyen est 12 sur 14

Statistiques - réponses

QuestionRéponse% Correct
Qui a pour fonction Ministre de l'Economie, des Finances et de la Souveraineté industrielle et Numérique ?Bruno LE MAIRE
98%
Qui a la fonction de Garde des Sceaux, Ministre de la Justice ?Éric DUPOND-MORETTI
97%
Qui a pour fonction Ministre de la Culture ?Rachida DATI
96%
Qui a pour fonction Ministre de l'Education nationale, de la Jeunesse, des Sports et des JO ?Amélie OUDÉA-CASTÉRA
93%
Qui a pour fonction Ministre des Armées ?Sébastien LECORNU
90%
Qui a pour fonction Ministre de l’Intérieur et des Outre-mer ?Gérald DARMANIN
89%
Qui a pour fonction Ministre du Travail, de la Santé et des Solidarités ?Catherine VAUTRIN
82%
Qui a pour fonction Ministre de la Transition écologique et de la Cohésion des territoires ?Christophe BÉCHU
82%
Qui a pour fonction Ministre de l’Europe et des Affaires étrangères ?Stéphane SEJOURNÉ
80%
Qui a pour fonction Ministre délégué chargé de l’Egalité entre les femmes et les hommes et de la lutte contre les Discriminations ?Aurore BERGÉ
78%
Qui a pour fonction Ministre délégué chargé du Renouveau démocratique, et Porte-parole du Gouvernement ?Prisca THEVENOT
76%
Qui a pour fonction Ministre de l'Agriculture et de la Souveraineté alimentaire ?Marc FESNEAU
73%
Qui a pour fonction Ministre de l'Enseignement supérieur et de la Recherche ?Sylvie RETAILLEAU
73%
Qui a pour fonction Ministre délégué chargé des Relations avec le Parlement ?Marie LEBEC
52%

Distribution des résultats

Percentile par nombre de réponses

% des personnes avec chaque résultat

Votre développement - résultats

Vous n’avez pas pris ce quiz